Vplyv hlbokého leptania okolo kontaktov na vlastnosti radiačného detektora na báze GaAs
Salvato in:
| Autore principale: | |
|---|---|
| Altri autori: | , , |
| Natura: | Manoscritto Libro |
| Lingua: | slovacco |
| Pubblicazione: |
Bratislava :
STU v Bratislave FEI,
2004
|
| Tags: |
Nessun Tag, puoi essere il primo ad aggiungerne!!
|
MARC
| LEADER | 00000ntm a22000003a 4500 | ||
|---|---|---|---|
| 001 | stu87765 | ||
| 005 | 20160719164711.0 | ||
| 008 | 040614s2004------------------------slo-d | ||
| 040 | |a STU |b slo | ||
| 041 | 0 | |a slo | |
| 100 | 1 | |a Koza, Viliam |4 aut | |
| 245 | 1 | |a Vplyv hlbokého leptania okolo kontaktov na vlastnosti radiačného detektora na báze GaAs | |
| 260 | |a Bratislava : |b STU v Bratislave FEI, |c 2004 | ||
| 300 | |a 96 s | ||
| 700 | 1 | |a Perďochová, Andrea, |d 1977- |4 ths |u E160 |U FEI Fakulta elektrotechniky a informatiky |T FEI Katedra jadrovej fyziky a techniky |X 2564 |U E160 |Y 63 |7 2564 | |
| 700 | 1 | |a Zaťko, Bohumír |4 ths | |
| 700 | 1 | |a Nečas, Vladimír, |d 1954- |4 ths |u E060 |U FEI Fakulta elektrotechniky a informatiky |T FEI Ústav jadrového a fyzikálneho inžinierstva |X 1934 |U E060 |Y 817 |7 A000001934 | |